000 00912nas a2200289 4500
001 BR0702427
003 BR-BrBNA
005 20231205110759.0
007 ta
008 230509b bl.|||p| |||| 00| 00por d
040 _aBR-BrBNA
_bpor
_cBiblioteca Nacional de Agricultura
041 _a(Pt)
072 _aJ11
100 1 _aVeiga, A.D.
100 1 _aGuimarães, R.M.
100 1 _aRosa, S.D.V.F. da
100 1 _aPinho, E.V. de R. von
100 1 _aSilva, L.H. de C. e
245 1 _aArmazenabilidade de sementes de cafeeiro colhidas em diferentes estadios de maturação e submetidas a diferentes metodos de secagem
650 _aCAFE
650 _aSEMENTE
650 _aARMAZENAMENTO
650 _aMATURAÇÃO
773 0 _tRevista Brasileira de Sementes (Brazil)
_xISSN 0101-3122
_g(Apr 2007), v. 29(1) p. 83-91
_wBR0702427
909 _a202311
_bLúcia
_c55
_dLúcia Elande
942 _2AGRIS
_n0
_cANA
999 _c189034
_d189034